000 005840000a22001810004500
003 MACL
005 20210919151637.0
008 160501b xxu||||| |||| 00| 0 eng d
040 _aMACL
_cMACL
041 _aHindi
082 _a800
100 _aलाल, चमन
_954813
245 _aकविता के मानवीय सरोकार
_cचमन लाल
260 _bअनिरूद्ध बुक्‍स
_c2007
_aनई दिल्‍ली
350 _a75
650 _aकाव्‍य समीक्षा
_948818
942 _cHIN
_k800/LAL
_2ddc
999 _c41763
_d41763